| 000 | 00567cam a2200181 4500500 | ||
|---|---|---|---|
| 005 | 20260405002204.0 | ||
| 041 | _afre | ||
| 042 | _adc | ||
| 100 | 1 | 0 |
_aRogé, Antoine _eauthor |
| 245 | 0 | 0 | _aLa ForĂȘt-Noire ontologico-existentiale de Martin Heidegger |
| 260 | _c2016. | ||
| 500 | _a60 | ||
| 690 | _aCuisine | ||
| 690 | _aMartin Heidegger | ||
| 690 | _aRecette | ||
| 786 | 0 | _nPhilosophie magazine | 98 | 4 | 2016-04-01 | p. 80-81 | 1951-1787 | |
| 856 | 4 | 1 | _uhttps://shs.cairn.info/magazine-philosophie-magazine-2016-4-page-80?lang=fr&redirect-ssocas=7080 |
| 999 |
_c2055201 _d2055202 |
||